| 000 | 01082nam a2200313Ia 4500 | ||
|---|---|---|---|
| 003 | OSt | ||
| 005 | 20221007123130.0 | ||
| 006 | a|||||r|||| 00| 0 | ||
| 007 | ta | ||
| 008 | 221006b |||||||| |||| 00| 0 eng d | ||
| 020 | _a9789813226029 (hbk) | ||
| 024 | _a199635 | ||
| 037 |
_b5472, 12/03/2019, Ashutosh Technical Books _cTextual |
||
| 040 |
_aPAPL _cPAPL _beng |
||
| 041 |
_2eng _aeng |
||
| 082 | _aC21:(D), Q7 Carpa | ||
| 100 |
_aCuevas Juan Carlos _9716583 |
||
| 245 | 0 |
_aMolecular electronics: An introduction to theory and experiment _b Scheer Elke |
|
| 250 | _a2 | ||
| 260 |
_aSingapore _bWorld Scientific _c2017 |
||
| 300 |
_axx, 825p. ill. _ccm. |
||
| 500 | _aAppendixes 719-736p.; Bibliography 737-820p.; Index 821-825p. | ||
| 650 |
_a Density functional theory _9716584 |
||
| 650 |
_a Metallic atomic-size _9716585 |
||
| 650 | _aPhysics | ||
| 700 |
_a Scheer Elke _9716586 |
||
| 942 |
_hC21:(D), Q7 Carpa _cTEXL _2CC |
||
| 999 |
_c1211416 _d1211416 |
||